header

Alice 3 cookbook (Record no. 131502)

MARC details
000 -LEADER
fixed length control field 01373nam a2200325 a 4500
100 1# - MAIN ENTRY--AUTHOR NAME
Personal name Olsen, Vanesa S.
245 10 - TITLE STATEMENT
Title Alice 3 cookbook
260 ## - PUBLICATION, DISTRIBUTION, ETC. (IMPRINT)
Place of publication Birmingham, U.K. :
Name of publisher Packt Open Source,
Year of publication 2011.
300 ## - PHYSICAL DESCRIPTION
Number of Pages iii, 321 p. :
Other physical details ill. (chiefly col.)
500 ## - GENERAL NOTE
General note "Quick answers to common problems"--Cover.
General note Includes index.
650 #0 - SUBJECT ADDED ENTRY--TOPICAL TERM
Topical Term Interactive computer systems.
Topical Term Three-dimensional display systems.
Topical Term Computer-assisted instruction.
Topical Term Video recording.
856 40 - ELECTRONIC LOCATION AND ACCESS
Uniform Resource Identifier http://site.ebrary.com/lib/rucke/Doc?id=10467632

No items available.

© 2026 Rongo University
Contact us: librarian | system librarian | Rongo university